01580cam a22004217a 4500003000500000005001700005008004100022010000900063011000900072035000900081040000900090082001500099100003100114245010500145260007000250300001000320410004900330490002600379590004100405590004100446590004100487590004100528590004100569590004200610650004800652650003100700650002700731650003400758700002600792700002700818810004900845830003300894901000700927942001000934949006400944999001501008952013501023CHAP20220817040916.0971013s1989 r 00010 d a2513 a3485 a2685 cCHAP a338.14bV600aBraum, Joachim Von.915095 0aIrrigation technology and commercialization of rice in the Gambiab: effects on income and nutrition aWashington :bInternational Food Policy Research Institute,c1989 a116 p aInternational Food Policy Research Institute 0aResearch reportv; 75 aBATCH-UPDb10c20130110lUCH01h0244 aBATCH-UPDb10c20130110lUCH01h2026 aBATCH-UPDb10c20130409lUCH01h2313 aBATCH-UPDb10c20130410lUCH01h1343 aBATCH-UPDb10c20130914lUCH01h0405 aCONVERSIONb10c20130109lUCH01h130314aArrozxAspectos económicosxGambia.9756714aArrozxIrrigación.9762714aArrozxMercadeo.9763214aArrozxValor nutritivo.976670 aPuetz, Detlev.9929400 aWebb, Patrick.9121274 aInternational Food Policy Research Institute0 aResearch reportv; 75996080 aBK cLIBRO a338.14 V6bBCcLIBROd33724000111886eLIBROh77062i2685si c2513d2513 00102ddc4052708GRALaBCbBCcPA_GRALd2019-12-31fLIBROl0o338.14 V6p33724000111886r2019-12-31 00:00:00w2019-12-31yLIBRO